| 000 | 00445nam a2200157Ia 4500 | ||
|---|---|---|---|
| 003 | SGT | ||
| 020 | _a9788131703830 | ||
| 082 |
_a5.11 _bKAM |
||
| 100 | _akamthane,Ashok N | ||
| 245 | _aObject-Oriented programming with ansi & Turbo C++ | ||
| 260 |
_bPearson _aN.Delhi _c2009 |
||
| 300 | _a711p. | ||
| 650 | _aCOMPUTER SCIENCE | ||
| 653 | _aINTRODUCTION TO C++, INPUT AND OUTPUT IN C++, C++ DECLARATIONS, CONTROL STRUCTURES | ||
| 942 |
_2ddc _cBK _09 |
||
| 999 |
_c4923 _d4923 |
||